000 00371nam a22001577a 4500
003 SGT
020 _a9788190461481
082 _a615.4
_bP13M
100 _aSUNIL KUMAR MITTAL
245 _aPHARMACEUTICAL BIOSTATISTICS
260 _aU. P.
_bUNNATI PUB
_c2013
300 _a28.18
650 _a BIOSTATISTICS PHARMACEUTICAL
653 _aBIOSTATISTICS
942 _2ddc
_cBK
999 _c23853
_d23853